| 000 | 00530nam a2200145Ia 4500 | ||
|---|---|---|---|
| 008 | 140724s9999 xx 000 0 und d | ||
| 050 |
_aTJ 163 _b.Es77 2013 |
||
| 100 | _aEspiritu, Krist-Anne Michelle E. | ||
| 245 |
_aCustomized client report software for Hopkins International Partners, Inc. / _cKrist-Anne Michelle E. Espiritu. |
||
| 260 |
_aLas PiƱas, Philippines : _bSouthville International School and Colleges, _cc2013. |
||
| 300 |
_a31 p. : _c28 cm. |
||
| 521 | _aInformation Technology | ||
| 942 | _cTH | ||
| 999 |
_c229115 _d229115 |
||